The penguin dictionary
Revised and updated for its second edition with new definitions and the latest buzzwords, The Penguin Dictionary is the most accessible single-volume dictionary available. The Penguin Dictionary offers a complete guide to the English language. As well as clear, detailed definitions, there are usage...
में बचाया:
| मुख्य लेखक: | |
|---|---|
| स्वरूप: | पुस्तक |
| भाषा: | Undetermined |
| प्रकाशित: |
London
Penguin
2004
|
| विषय: | |
| टैग : |
टैग जोड़ें
कोई टैग नहीं, इस रिकॉर्ड को टैग करने वाले पहले व्यक्ति बनें!
|
| Thư viện lưu trữ: | Trung tâm Học liệu Trường Đại học Cần Thơ |
|---|
| LEADER | 01065nam a2200217Ia 4500 | ||
|---|---|---|---|
| 001 | CTU_190280 | ||
| 008 | 210402s9999 xx 000 0 und d | ||
| 020 | |c 23.48 | ||
| 082 | |a 423 | ||
| 082 | |b A428 | ||
| 100 | |a Allen, Robert | ||
| 245 | 4 | |a The penguin dictionary | |
| 245 | 0 | |c Robert Allen | |
| 260 | |a London | ||
| 260 | |b Penguin | ||
| 260 | |c 2004 | ||
| 520 | |a Revised and updated for its second edition with new definitions and the latest buzzwords, The Penguin Dictionary is the most accessible single-volume dictionary available. The Penguin Dictionary offers a complete guide to the English language. As well as clear, detailed definitions, there are usage notes on difficult aspects of grammar and words that are often confused; there are short encyclopedia entries on concepts such as freedom, consciousness and structualism written by leading commentators in their fields. | ||
| 650 | |a English language,Tiếng Anh | ||
| 650 | |x Dictionaries,Từ điển | ||
| 904 | |i Trúc | ||
| 980 | |a Trung tâm Học liệu Trường Đại học Cần Thơ | ||